000 01978cam a2200385 i 4500
999 _c62572
_d62572
001 19328610
005 20241209150235.0
008 161005s2017 enka b 001 0 eng c
010 _a 2016036142
020 _a9781118902035 (cloth) X
020 _a9781118902004 (epub) X
040 _aWaSeSS/DLC
_beng
_cWaSeSS
_erda
_dDLC
042 _apcc
050 0 0 _aSD555
_b.K47 2017
080 _a630.6
100 1 _aKershaw, John A.,
_d1962-
_eauthor.
_923923
245 1 0 _aForest mensuration /
_cJohn A Kershaw, Jr., Mark J Ducey, Thomas W Beers, Bertram Husch.
250 _aFifth edition.
264 1 _aChichester, UK ;
_aHoboken, NJ :
_bWiley/Blackwell,
_c2017.
300 _axv, 613 pages :
_billustrations (some color) ;
_c25 cm
336 _atext
_2rdacontent
337 _aunmediated
_2rdamedia
338 _avolume
_2rdacarrier
504 _aIncludes bibliographical references and index.
505 0 _aPrinciples of measurement -- Basic statistical concepts -- Land area determination in forest mensuration -- Individual tree parameters -- Determination of tree volume, weight, and biomass -- Measurement of primary forest products -- Stand parameters -- Sampling units for estimating parameters -- Sampling designs in forest inventories -- Inventory of standing trees using sampling with varying probability -- Inventory of downed dead material using sampling with varying probability -- Integrating remote sensing in forest inventory -- Measurement of tree and stand growth.
650 0 _aForests and forestry
_xMeasurement.
_923924
650 0 _aForest surveys.
_923925
653 _aსატყეო მეურნეობა. მეტყევეობა
700 1 _aDucey, Mark J.,
_eauthor.
_923926
700 1 _aBeers, Thomas W.,
_eauthor.
_923927
700 1 _aHusch, Bertram,
_d1923-
_eauthor.
_923928
906 _a7
_bcbc
_corignew
_d1
_eecip
_f20
_gy-gencatlg
942 _2udc
_cBK
955 _aWaSeSS
_axn13 2018-06-27 1 copy rec'd., to CIP ver.